00421nam a22001577a 450000500170000001000150001702000260003203500130005803700130007108200150008410000130009924500470011226000310015927000520019030000210024220140908151517.0 aENG-110731 a9789382215547c850.00 aEN-94263 bDBAD/PUB a306.080954 aKumar,S. aEmpowerment of tribal women /cby S. Kumar aNew DelhibALP Booksc2012 a7/33, Ansari Road, DaryaganjbNew Delhie110002 a304p. c22cm(Hb)